I am the People: (Record no. 184203)

MARC details
000 -LEADER
fixed length control field 00577nam a22001817a 4500
005 - DATE AND TIME OF LATEST TRANSACTION
control field 20220114130803.0
010 ## - LCCN (DPL NO)
LC control number ENG-131137
020 ## - INTERNATIONAL STANDARD BOOK NUMBER
International Standard Book Number 978-8-178-2642-0
Terms of availability 795.00
035 ## - SYSTEM CONTROL NUMBER
System control number EN-114669
037 ## - SOURCE OF ACQUISITION
Source of stock number/acquisition DBAD
082 ## - DEWEY DECIMAL CLASSIFICATION NUMBER
Classification number 320.5662
100 ## - MAIN ENTRY--PERSONAL NAME
Personal name Chatterjee, Partha
245 ## - TITLE STATEMENT
Title I am the People:
Statement of responsibility, etc Partha Chatterjee
Remainder of title Relfections on Popular Svereignty Today/
260 ## - PUBLICATION, DISTRIBUTION, ETC. (IMPRINT)
Place of publication, distribution, etc Telangana
Name of publisher, distributor, etc Orient Blackswan Private Limited
Date of publication, distribution, etc 2020
270 ## - ADDRESS
City Telangana
Address 3-6-752 Himayatnagar
Postal code 500029
300 ## - PHYSICAL DESCRIPTION
Extent 185p.
Dimensions 21cm(pbk)
Other physical details Index
942 ## - ADDED ENTRY ELEMENTS (KOHA)
Source of classification or shelving scheme Dewey Decimal Classification
Item type English Books
Classification part 320.5662
Call number suffix CHA
Holdings
Withdrawn status Lost status Not for loan Collection code Home library Current library Date acquired Source of acquisition Cost, normal purchase price Full call number Barcode Copy number Cost, replacement price Koha item type
    Not For Loan Non-fiction D.B.Act.Division Mobile Library 14/01/2022 DBAD/PUB 395.00 320.5662 CHA EN-114669 1 395.00 English Books

© Delhi Public Library
Hit Counter
free hit counter